<?xml version="1.0" encoding="UTF-8"?>
<record
    xmlns:xsi="http://www.w3.org/2001/XMLSchema-instance"
    xsi:schemaLocation="http://www.loc.gov/MARC21/slim http://www.loc.gov/standards/marcxml/schema/MARC21slim.xsd"
    xmlns="http://www.loc.gov/MARC21/slim">

  <leader>00712nam a2200205Ia 4500</leader>
  <datafield tag="041" ind1=" " ind2=" ">
    <subfield code="a">guj</subfield>
  </datafield>
  <datafield tag="082" ind1=" " ind2=" ">
    <subfield code="a">&#xAB0;.&#xAE7;&#xAE6;</subfield>
    <subfield code="b">&#xAAF;&#xABE;&#xA9C;&#xACD;&#xA9E;&#xABF;&#xA95;</subfield>
  </datafield>
  <datafield tag="245" ind1=" " ind2="0">
    <subfield code="a">&#xA97;&#xAC1;&#xA9C;&#xAB0;&#xABE;&#xAA4;&#xAC0; &#xA86;&#xAA6;&#xABF;&#xAB5;&#xABE;&#xAB8;&#xAC0; &#xAB2;&#xACB;&#xA95;&#xAB8;&#xABE;&#xAB9;&#xABF;&#xAA4;&#xACD;&#xAAF;</subfield>
    <subfield code="c">Gujarati Aadivasi Loksahitya</subfield>
  </datafield>
  <datafield tag="250" ind1=" " ind2=" ">
    <subfield code="a">1st ed.</subfield>
  </datafield>
  <datafield tag="260" ind1=" " ind2=" ">
    <subfield code="a">Gandhinagar </subfield>
    <subfield code="b">Gujarat Sahitya Academy</subfield>
    <subfield code="c">2011</subfield>
  </datafield>
  <datafield tag="300" ind1=" " ind2=" ">
    <subfield code="a">631 p.</subfield>
  </datafield>
  <datafield tag="500" ind1=" " ind2=" ">
    <subfield code="a">Folk Tribal Literatue of Gujarat</subfield>
  </datafield>
  <datafield tag="650" ind1=" " ind2=" ">
    <subfield code="a">Folklore</subfield>
  </datafield>
  <datafield tag="650" ind1=" " ind2=" ">
    <subfield code="a">&#xAB2;&#xACB;&#xA95;&#xAB8;&#xABE;&#xAB9;&#xABF;&#xAA4;&#xACD;&#xAAF;</subfield>
  </datafield>
  <datafield tag="650" ind1=" " ind2=" ">
    <subfield code="a">&#xA97;&#xAC1;&#xA9C;&#xAB0;&#xABE;&#xAA4;&#xAC0; &#xAAD;&#xABE;&#xAB7;&#xABE; &#xA85;&#xAA8;&#xAC7; &#xAB8;&#xABE;&#xAB9;&#xABF;&#xAA4;&#xACD;&#xAAF;</subfield>
  </datafield>
  <datafield tag="700" ind1=" " ind2=" ">
    <subfield code="a">&#xAAF;&#xABE;&#xA9C;&#xACD;&#xA9E;&#xABF;&#xA95;, &#xAB9;&#xAB8;&#xAC1;</subfield>
    <subfield code="e">edt</subfield>
  </datafield>
  <datafield tag="700" ind1=" " ind2=" ">
    <subfield code="a">Yagnik, Hasu</subfield>
  </datafield>
  <datafield tag="942" ind1=" " ind2=" ">
    <subfield code="c">BK</subfield>
  </datafield>
  <controlfield tag="008">190320s9999||||xx |||||||||||||| ||und||</controlfield>
  <datafield tag="999" ind1=" " ind2=" ">
    <subfield code="c">26227</subfield>
    <subfield code="d">26227</subfield>
  </datafield>
  <datafield tag="952" ind1=" " ind2=" ">
    <subfield code="0">0</subfield>
    <subfield code="1">0</subfield>
    <subfield code="4">0</subfield>
    <subfield code="7">0</subfield>
    <subfield code="8">LITG</subfield>
    <subfield code="a">BVB</subfield>
    <subfield code="b">BVB</subfield>
    <subfield code="c">REG</subfield>
    <subfield code="d">2016-02-03</subfield>
    <subfield code="l">0</subfield>
    <subfield code="o">&#xAB0;.&#xAE7;&#xAE6;/&#xAAF;&#xABE;&#xA9C;&#xACD;&#xA9E;&#xABF;&#xA95;/78326</subfield>
    <subfield code="p">78326</subfield>
    <subfield code="r">2019-03-20 00:00:00</subfield>
    <subfield code="w">2019-03-20</subfield>
    <subfield code="y">BK</subfield>
  </datafield>
</record>
